Lí thuyết quy hoạch tuyến tính và Lí thuyết đồ thị hữu hạn
Gardado en:
| Autor Principal: | |
|---|---|
| Outros autores: | |
| Formato: | Libro |
| Idioma: | Vietnamese |
| Publicado: |
H.
Giáo dục
1982
|
| Series: | Sách đại học sư phạm
|
| Các nhãn: |
Engadir etiqueta
Sen Etiquetas, Sexa o primeiro en etiquetar este rexistro!
|
| Thư viện lưu trữ: | Mạng thư viện Đại học Đà Nẵng |
|---|
| LEADER | 01044nam a2200313 4500 | ||
|---|---|---|---|
| 001 | 000007743 | ||
| 003 | 3908 | ||
| 005 | 20111018141036.0 | ||
| 008 | 111011s1982 viesd | ||
| 020 | |c 5.90đ | ||
| 041 | 0 | |a vie | |
| 082 | |a 511 |b DO-L | ||
| 100 | 0 | |a Doãn Châu Long | |
| 245 | 0 | |a Lí thuyết quy hoạch tuyến tính và Lí thuyết đồ thị hữu hạn |c Doãn Châu Long | |
| 260 | |a H. |b Giáo dục |c 1982 | ||
| 300 | |a 254tr. |c 20 cm | ||
| 490 | |a Sách đại học sư phạm | ||
| 700 | |a Nguyễn Văn Thường |e biên tập | ||
| 910 | |a Như Ý |d 11/10/2011 | ||
| OWN | |a LSP | ||
| AVA | |a UDN50 |b LSP |d 511 DO-L |e unavailable |t Error 5002 Not defined in file expand_doc_bib_avail. |f 1 |g 1 |h N |i 0 |k 1 | ||
| 999 | |a From the UDN01 | ||
| AVA | |a UDN50 |b LSP |d 511 DO-L |e unavailable |t Error 5002 Not defined in file expand_doc_bib_avail. |f 1 |g 1 |h N |i 0 |k 1 | ||
| TYP | |a Monograph | ||
| TYP | |a Printed language | ||
| 980 | |a Mạng thư viện Đại học Đà Nẵng | ||